<?xml version="1.0" encoding="UTF-8"?>
<record
    xmlns:xsi="http://www.w3.org/2001/XMLSchema-instance"
    xsi:schemaLocation="http://www.loc.gov/MARC21/slim http://www.loc.gov/standards/marcxml/schema/MARC21slim.xsd"
    xmlns="http://www.loc.gov/MARC21/slim">

  <leader>00916cam a2200193 a 4500</leader>
  <datafield tag="041" ind1=" " ind2=" ">
    <subfield code="a">Arabic</subfield>
  </datafield>
  <datafield tag="082" ind1=" " ind2=" ">
    <subfield code="a">297.4</subfield>
    <subfield code="b">ARA</subfield>
  </datafield>
  <datafield tag="100" ind1="0" ind2=" ">
    <subfield code="a">Ibn al-&#x2BB;Arab&#x12B;, Mohiuddin</subfield>
  </datafield>
  <datafield tag="245" ind1="1" ind2="0">
    <subfield code="a">Ras&#x101;&#x2BC;il Ibn &#x2BB;Arab&#x12B; /</subfield>
  </datafield>
  <datafield tag="250" ind1=" " ind2=" ">
    <subfield code="a">al-&#x1E6C;ab&#x2BB;ah 1.</subfield>
  </datafield>
  <datafield tag="260" ind1=" " ind2=" ">
    <subfield code="a">Bayr&#x16B;t :</subfield>
    <subfield code="b">Mu&#x2BC;assasat al-Intish&#x101;r al-&#x2BB;Arab&#x12B;,</subfield>
    <subfield code="c">1328.</subfield>
  </datafield>
  <datafield tag="300" ind1=" " ind2=" ">
    <subfield code="a">4 volumes ;</subfield>
  </datafield>
  <datafield tag="505" ind1="0" ind2=" ">
    <subfield code="a">[v.]1. al-&#x2BB;A&#x1E93;amah wa-mar&#x101;tib &#x2BB;ul&#x16B;m al-wahb wa-man&#x101;zil al-fahw&#x101;n&#x12B;yah wa-ras&#x101;&#x2BC;il ukhr&#xE1; -- [v.] 2. al-Qu&#x1E6D;b wa-al-nuqab&#x101;&#x2BC; wa-&#x2BB;uqlat al-mustawfiz wa-ris&#x101;lat al-anw&#x101;r wa-al-tadb&#x12B;r&#x101;t al-Il&#x101;h&#x12B;yah wa-ras&#x101;&#x2BC;il ukhr&#xE1; -- [v.] 3. al-Kawkab al-durr&#x12B; f&#x12B; man&#x101;qib Dh&#x12B; al-N&#x16B;n al-Mi&#x1E63;r&#x12B; -- [v.] 4. Kit&#x101;b al-Yaq&#x12B;n wa-kit&#x101;b al-Ma&#x2BB;rifah wa-kit&#x101;b &#x2BB;Anq&#x101;&#x2BC; Maghrib fi khatm al-awl&#x12B;y&#x101;&#x2BC; wa-shams al-Maghrib.</subfield>
  </datafield>
  <datafield tag="650" ind1=" " ind2="0">
    <subfield code="a">Sufism</subfield>
  </datafield>
  <datafield tag="650" ind1=" " ind2="7">
    <subfield code="a">Sufism.</subfield>
  </datafield>
  <datafield tag="700" ind1="1" ind2=" ">
    <subfield code="a">&#x2BB;Abd al-Fatt&#x101;&#x1E25;, Sa&#x2BB;&#x12B;d.</subfield>
  </datafield>
  <datafield tag="700" ind1="1" ind2=" ">
    <subfield code="a">&#x2BB;Abb&#x101;s, Q&#x101;sim Mu&#x1E25;ammad.</subfield>
  </datafield>
  <datafield tag="942" ind1=" " ind2=" ">
    <subfield code="c">BK</subfield>
  </datafield>
  <datafield tag="952" ind1=" " ind2=" ">
    <subfield code="0">0</subfield>
    <subfield code="1">0</subfield>
    <subfield code="4">0</subfield>
    <subfield code="7">0</subfield>
    <subfield code="8">REF</subfield>
    <subfield code="a">HMI</subfield>
    <subfield code="b">HMI</subfield>
    <subfield code="c">REF</subfield>
    <subfield code="d">2018-09-04</subfield>
    <subfield code="l">0</subfield>
    <subfield code="o">297.4 ARA Vol -1</subfield>
    <subfield code="p">4604</subfield>
    <subfield code="r">2018-09-04</subfield>
    <subfield code="w">2026-01-16</subfield>
    <subfield code="y">BK</subfield>
  </datafield>
  <datafield tag="952" ind1=" " ind2=" ">
    <subfield code="0">0</subfield>
    <subfield code="1">0</subfield>
    <subfield code="4">0</subfield>
    <subfield code="7">0</subfield>
    <subfield code="8">REF</subfield>
    <subfield code="a">HMI</subfield>
    <subfield code="b">HMI</subfield>
    <subfield code="c">REF</subfield>
    <subfield code="d">2018-09-04</subfield>
    <subfield code="l">0</subfield>
    <subfield code="o">297.4 ARA  Vol -2</subfield>
    <subfield code="p">4605</subfield>
    <subfield code="r">2018-09-04</subfield>
    <subfield code="w">2026-01-16</subfield>
    <subfield code="y">BK</subfield>
  </datafield>
  <datafield tag="999" ind1=" " ind2=" ">
    <subfield code="c">21385</subfield>
    <subfield code="d">21385</subfield>
  </datafield>
</record>
